000 00710nam a2200241Ia 4500
003 OSt
005 20220925232102.0
006 a|||||r|||| 00| 0
007 ta
008 220923b |||||||| |||| 00| 0 eng d
037 _cGeneral Book
040 _aRTL
_cRTL
_beng
041 _2eng
_aeng
082 _aXM8:8F, M1
100 _aChoi Frederick D S Ed.
_9296654
245 0 _aMultinational accounting
_b A research frame-work f
260 _aMichigan
_bU M I Research Press
_c1981
300 _axii, 243p
_ccm.
490 _aResearch for Business Decisions. 46
650 _aMultinational
942 _hXM8:8F, M1
_cGB
_2CC
999 _c590245
_d590245